| 000 | 00859nmc a2200277 a 4500 | ||
|---|---|---|---|
| 003 | AR-BaBNM | ||
| 005 | 20251128210805.0 | ||
| 008 | 123020s1970 ||||||||||||||000 | spa|| | ||
| 040 | _cAR-BaBNM | ||
| 111 | 2 |
_aSimposio sobre sociología de los intelectuales _d1967 _cBuenos Aires, Argentina |
|
| 245 | 1 | 0 | _aEl intelectual latinoamericano |
| 250 | _a1ª ed. | ||
| 260 |
_aBuenos Aires _bDel Instituto _c1970 |
||
| 300 | _a253 p. | ||
| 490 | 0 | _aSerie Naranja. Sociología | |
| 536 | _aCentro del Investigaciones Sociales del Instituto Torcuato Di Tella | ||
| 611 | 2 | 4 | _aSimposio sobre sociología de los intelectuales |
| 650 | 4 | _aINTELECTUALES | |
| 650 | 4 | _aINTELLIGENTSIA | |
| 650 | 4 | _aSOCIOLOGIA | |
| 650 | 4 | _aINVESTIGACION SOCIOLOGICA | |
| 651 | 4 | _aAmérica Latina | |
| 700 | 1 |
_aMarsal, Juan F. _edirector |
|
| 942 | _cBK | ||
| 998 | _calicia | ||
| 999 |
_c16916 _d16916 |
||